[Event "Groningen Combinatie op"]
[Site "Groningen"]
[Date "2017.05.28"]
[Round "7"]
[White "Miulescu, Gabriel"]
[Black "Hilwerda, Jonas"]
[Result "1/2-1/2"]
[WhiteElo "2002"]
[BlackElo "2068"]
[PlyCount "94"]
[EventDate "2017.05.25"]
[EventType "swiss"]
[EventRounds "7"]
[EventCountry "NED"]
[SourceTitle "CBM 178 Extra"]
[Source "ChessBase"]
[SourceDate "2017.06.22"]
[SourceVersion "1"]
[SourceVersionDate "2017.06.22"]
[SourceQuality "1"]

1. e4 e5 2. Nf3 Nc6 3. Bb5 a6 4. Ba4 Nf6 5. 0-0 b5 6. Bb3 Bb7 7. Re1 Bc5 8. c3 d6 9. d4 Bb6 10. Bc2 h6 11. h3 0-0 12. Be3 Re8 13. d5 Ne7 14. Bxb6 cxb6 15. Bd3 Nexd5 16. exd5 e4 17. Bxb5 axb5 18. Nd4 Bxd5 19. Nxb5 Rxa2 20. Rxa2 Bxa2 21. Qxd6 Qxd6 22. Nxd6 Rd8 23. Nf5 Bxb1 24. Rxb1 g6 25. Nxh6+ Kg7 26. Ng4 Nxg4 27. hxg4 Rd2 28. Re1 Rxb2 29. Rxe4 Rb1+ 30. Kh2 Rb3 31. Re3 b5 32. Kg3 b4 33. cxb4 Rxb4 34. f4 Ra4 35. g5 Ra5 36. Kf3 Rb5 37. g4 Ra5 38. Rd3 Rb5 39. Ke4 Rb1 40. f5 gxf5+ 41. gxf5 Rg1 42. Kf4 Rf1+ 43. Rf3 Ra1 44. Kg4 Rg1+ 45. Rg3 Ra1 46. Rh3 Rg1+ 47. Kh5 f6 1/2-1/2

[Event "ROM-ch"]
[Site "Baile Olanesti"]
[Date "2013.02.19"]
[Round "5"]
[White "Miulescu, Gabriel"]
[Black "Banzea, Alexandru Bogdan"]
[Result "1-0"]
[WhiteElo "2161"]
[BlackElo "1808"]
[PlyCount "41"]
[EventDate "2013.02.16"]
[EventType "swiss"]
[EventRounds "11"]
[EventCountry "ROU"]
[SourceTitle "CBM 153 Extra"]
[Source "ChessBase"]
[SourceDate "2013.04.22"]
[SourceVersion "1"]
[SourceVersionDate "2013.04.22"]
[SourceQuality "1"]

1. e4 c5 2. Nf3 d6 3. d4 cxd4 4. Nxd4 Nf6 5. Nc3 a6 6. Be3 e5 7. Nf3 h6 8. h3 Be7 9. Bc4 0-0 10. a4 Be6 11. Bd5 Nc6 12. 0-0 Qa5 13. Qd2 Nb4 14. Rfd1 Rfd8 15. Na2 Nc6 16. Qxa5 Nxa5 17. Bb6 Nc4 18. Bxd8 Rxd8 19. b3 Bxd5 20. exd5 Nb6 21. c4 1-0

[Event "ROM-ch"]
[Site "Baile Olanesti"]
[Date "2010.01.31"]
[Round "1"]
[White "Pisu, Robert Daniel"]
[Black "Miulescu, Gabriel"]
[Result "1/2-1/2"]
[WhiteElo "1874"]
[BlackElo "2301"]
[PlyCount "74"]
[EventDate "2010.01.31"]
[EventType "swiss"]
[EventRounds "9"]
[EventCountry "ROU"]
[SourceTitle "CBM 134 Extra"]
[Source "ChessBase"]
[SourceDate "2010.03.03"]
[SourceVersion "1"]
[SourceVersionDate "2010.03.03"]
[SourceQuality "1"]

1. d4 Nf6 2. Nf3 g6 3. g3 Bg7 4. Bg2 d5 5. 0-0 0-0 6. c4 c6 7. Nc3 Nbd7 8. cxd5 cxd5 9. Bf4 Nb6 10. Rc1 Nh5 11. Bd2 e6 12. b3 Bd7 13. a4 a6 14. Na2 Nc8 15. Ne5 Na7 16. Bb4 Re8 17. e3 Nf6 18. Qd3 Bc6 19. Ba3 Nd7 20. Nxd7 Bxd7 21. Rc3 b5 22. Bc5 bxa4 23. Rfc1 Bb5 24. Qd1 axb3 25. Qxb3 Nc6 26. Nb4 Na5 27. Qa2 Nc4 28. Nc6 Qc7 29. Ne7+ Rxe7 30. Bxe7 Qxe7 31. Rxc4 Bxc4 32. Rxc4 Qd8 33. Rc5 a5 34. Qa4 Bf8 35. Rb5 Bb4 36. Bf1 Rc8 37. Rb7 Rc7 1/2-1/2

[Event "Bucharest PBP"]
[Site "Bucharest"]
[Date "1995.??.??"]
[Round "12"]
[White "Badea, Bela"]
[Black "Miulescu, Gabriel"]
[Result "1-0"]
[WhiteElo "2490"]
[BlackElo "2415"]
[PlyCount "71"]
[EventDate "1995.??.??"]
[EventType "tourn"]
[EventRounds "14"]
[EventCountry "ROU"]
[SourceTitle "EXT 2002"]
[Source "ChessBase"]
[SourceDate "2001.11.25"]
[SourceVersion "1"]
[SourceVersionDate "2001.11.25"]
[SourceQuality "1"]

1. c4 Nf6 2. g3 g6 3. Bg2 Bg7 4. d4 d5 5. cxd5 Nxd5 6. e4 Nb6 7. Ne2 c5 8. d5 e6 9. 0-0 0-0 10. Nec3 Na6 11. a4 exd5 12. exd5 Bf5 13. Na3 Qd7 14. Be3 Bh3 15. Bxh3 Qxh3 16. Qf3 Nd7 17. Nc4 Nf6 18. Bg5 Ng4 19. Qg2 Qxg2+ 20. Kxg2 f6 21. Bf4 Nb4 22. Rad1 Nh6 23. Nb5 Nf7 24. Nc7 Rac8 25. d6 g5 26. d7 gxf4 27. dxc8Q Rxc8 28. Ne6 Bh6 29. Nxf4 a6 30. Nh5 b5 31. axb5 axb5 32. Nb6 Rc6 33. Nd7 c4 34. Ndxf6+ Kh8 35. Rfe1 Rc8 36. Re7 1-0

[Event "Bucharest PBP"]
[Site "Bucharest"]
[Date "1995.??.??"]
[Round "8"]
[White "Gilbert, Christophe"]
[Black "Miulescu, Gabriel"]
[Result "1-0"]
[WhiteElo "2180"]
[BlackElo "2415"]
[PlyCount "79"]
[EventDate "1995.??.??"]
[EventType "tourn"]
[EventRounds "14"]
[EventCountry "ROU"]
[SourceTitle "EXT 2002"]
[Source "ChessBase"]
[SourceDate "2001.11.25"]
[SourceVersion "1"]
[SourceVersionDate "2001.11.25"]
[SourceQuality "1"]

1. e4 c5 2. Nf3 e6 3. d4 cxd4 4. Nxd4 a6 5. Nc3 Qc7 6. Be2 Nc6 7. f4 d6 8. Be3 Nf6 9. 0-0 Be7 10. Qd2 0-0 11. a4 Na5 12. Qd3 b6 13. b4 Nb7 14. Bf3 Rd8 15. f5 d5 16. fxe6 fxe6 17. exd5 Bxb4 18. Nc6 Bxc3 19. Nxd8 Bxa1 20. Nxb7 Bxb7 21. d6 Qd7 22. Bxb7 Qxb7 23. Rxa1 Rd8 24. c4 Ne4 25. Bf4 Qc6 26. Re1 Nc5 27. Qd1 a5 28. Qg4 Qd7 29. Qd1 Nxa4 30. Qb3 Qc6 31. Qg3 Nc5 32. Be5 Qd7 33. Rf1 a4 34. Qg5 Rf8 35. Rb1 Qf7 36. Qg3 Nd7 37. Bd4 e5 38. Be3 Qxc4 39. Rc1 Qd3 40. h3 1-0

[Event "Bucharest PBP"]
[Site "Bucharest"]
[Date "1995.??.??"]
[Round "10"]
[White "Klinova, Masha"]
[Black "Miulescu, Gabriel"]
[Result "1/2-1/2"]
[WhiteElo "2205"]
[BlackElo "2415"]
[PlyCount "126"]
[EventDate "1995.??.??"]
[EventType "tourn"]
[EventRounds "14"]
[EventCountry "ROU"]
[SourceTitle "EXT 2002"]
[Source "ChessBase"]
[SourceDate "2001.11.25"]
[SourceVersion "1"]
[SourceVersionDate "2001.11.25"]
[SourceQuality "1"]

1. e4 c5 2. Nf3 e6 3. c4 Nc6 4. Be2 Qc7 5. Nc3 Nf6 6. 0-0 a6 7. d4 cxd4 8. Nxd4 Nxd4 9. Qxd4 Bd6 10. Kh1 0-0 11. Qd3 Be7 12. f4 d6 13. Qg3 Rd8 14. Be3 b6 15. Bd4 Bb7 16. Rac1 g6 17. Bd3 Nd7 18. h4 Bf6 19. Bxf6 Nxf6 20. f5 Nh5 21. Qg5 exf5 22. Nd5 Bxd5 23. cxd5 Qb7 24. exf5 Re8 25. fxg6 hxg6 26. Rce1 b5 27. Be2 Ng7 28. Qf6 Qc7 29. Rc1 Qe7 30. Bd3 Nh5 31. Qf2 Qd7 32. Qf3 Re5 33. g4 Ng7 34. h5 gxh5 35. Bf5 Qe7 36. Rc2 Re8 37. Rg2 h4 38. Qf4 Re1 39. Rgf2 Rxf1+ 40. Rxf1 Qe5 41. Qf3 Qe2 42. Bd7 Re7 43. Bc8 a5 44. Ba6 Qxf3+ 45. Rxf3 Re1+ 46. Kg2 Re2+ 47. Kh3 Rxb2 48. a3 Ne8 49. Kxh4 Kg7 50. Kg5 Nc7 51. Bb7 Rd2 52. Bc6 Re2 53. Rb3 Re5+ 54. Kh4 Kf6 55. Bxb5 Rxd5 56. Bc4 Rd1 57. Rf3+ Ke5 58. Rxf7 Rh1+ 59. Kg5 Ne6+ 60. Bxe6 Kxe6 61. Ra7 d5 62. Rxa5 d4 63. Ra8 Ke5 1/2-1/2

[Event "ROM-chT"]
[Site "Romania"]
[Date "1993.??.??"]
[Round "4"]
[White "Ionescu, Doru Alexandru"]
[Black "Miulescu, Gabriel"]
[Result "1/2-1/2"]
[WhiteElo "2225"]
[BlackElo "2355"]
[PlyCount "58"]
[EventDate "1993.??.??"]
[EventType "team"]
[EventRounds "9"]
[EventCountry "ROU"]
[SourceTitle "EXT 1998"]
[Source "ChessBase"]
[SourceDate "1997.11.17"]
[SourceVersion "1"]
[SourceVersionDate "1997.11.17"]
[SourceQuality "1"]

1. e4 c5 2. Nf3 e6 3. d4 cxd4 4. Nxd4 Nc6 5. Nc3 a6 6. Be3 Qc7 7. Be2 Nf6 8. 0-0 Be7 9. f4 d6 10. a4 0-0 11. Kh1 Bd7 12. Qe1 Nxd4 13. Bxd4 Bc6 14. Qg3 b5 15. axb5 axb5 16. Rxa8 Rxa8 17. Bd3 b4 18. e5 Nh5 19. Qg4 bxc3 20. Qxh5 g6 21. exd6 Bxd6 22. Qg5 Be7 23. Qe5 Qxe5 24. Bxe5 cxb2 25. Bxb2 Ra2 26. Rb1 Bd6 27. Bf6 Bxf4 28. Kg1 Be3+ 29. Kf1 Kf8 1/2-1/2

[Event "ROM-chT"]
[Site "Romania"]
[Date "1993.??.??"]
[Round "8"]
[White "Milu, Romeo Sorin"]
[Black "Miulescu, Gabriel"]
[Result "1/2-1/2"]
[WhiteElo "2410"]
[BlackElo "2355"]
[PlyCount "35"]
[EventDate "1993.??.??"]
[EventType "team"]
[EventRounds "9"]
[EventCountry "ROU"]
[SourceTitle "EXT 1998"]
[Source "ChessBase"]
[SourceDate "1997.11.17"]
[SourceVersion "1"]
[SourceVersionDate "1997.11.17"]
[SourceQuality "1"]

1. e4 c5 2. Nf3 e6 3. d4 cxd4 4. Nxd4 Nc6 5. Nb5 d6 6. c4 Nf6 7. N5c3 Be7 8. g3 0-0 9. Bg2 a6 10. 0-0 Qc7 11. h3 b6 12. Be3 Bb7 13. Nd2 Ne5 14. Qe2 Rac8 15. Rac1 Rfe8 16. f4 Ng6 17. a3 Qb8 18. b4 1/2-1/2

[Event "ROM-chT"]
[Site "Romania"]
[Date "1993.??.??"]
[Round "6"]
[White "Sofronie, Iulian"]
[Black "Miulescu, Gabriel"]
[Result "1-0"]
[WhiteElo "2305"]
[BlackElo "2355"]
[PlyCount "69"]
[EventDate "1993.??.??"]
[EventType "team"]
[EventRounds "9"]
[EventCountry "ROU"]
[SourceTitle "EXT 1998"]
[Source "ChessBase"]
[SourceDate "1997.11.17"]
[SourceVersion "1"]
[SourceVersionDate "1997.11.17"]
[SourceQuality "1"]

1. e4 c5 2. Nf3 Nc6 3. d4 cxd4 4. Nxd4 a6 5. Nc3 Qc7 6. Be2 e6 7. 0-0 Nf6 8. Be3 Be7 9. f4 d6 10. a4 0-0 11. Kh1 Rb8 12. Qe1 b6 13. Bf3 Bb7 14. Nb3 Nd7 15. Rd1 Rfd8 16. g4 Nc5 17. Qf2 Ba8 18. g5 Nxb3 19. cxb3 Bf8 20. Bg2 Na5 21. Qh4 Qe7 22. Rf3 Nxb3 23. Rh3 h6 24. Qg4 g6 25. gxh6 Kh7 26. f5 e5 27. Nd5 Bxd5 28. exd5 Nc5 29. b4 Nd7 30. Be4 Qe8 31. fxg6+ fxg6 32. Rg3 Nf6 33. Bxg6+ Kh8 34. Qf5 Qe7 35. Bg5 1-0

[Event "ROM-chT"]
[Site "Romania"]
[Date "1992.??.??"]
[Round "?"]
[White "Giurumia, Sorin"]
[Black "Miulescu, Gabriel"]
[Result "1-0"]
[WhiteElo "2385"]
[BlackElo "2280"]
[PlyCount "62"]
[EventDate "1992.??.??"]
[EventType "team"]
[EventRounds "9"]
[EventCountry "ROU"]
[SourceTitle "EXT 1997"]
[Source "ChessBase"]
[SourceDate "1996.11.15"]
[SourceVersion "1"]
[SourceVersionDate "1996.11.15"]
[SourceQuality "1"]

1. e4 c5 2. Nf3 e6 3. d4 cxd4 4. Nxd4 Nc6 5. Nc3 a6 6. g3 Qc7 7. Bg2 Nf6 8. 0-0 d6 9. Re1 Bd7 10. Nxc6 bxc6 11. Na4 e5 12. c4 Be7 13. c5 dxc5 14. Be3 0-0 15. Bxc5 Bxc5 16. Nxc5 Rfd8 17. Qc2 Be8 18. Bf1 a5 19. Rad1 Qe7 20. Qc3 Rxd1 21. Rxd1 h5 22. b3 h4 23. Bg2 hxg3 24. hxg3 Ra7 25. Nd3 Qa3 26. Nxe5 Qxa2 27. Nxc6 Bxc6 28. Qxc6 Qxb3 29. Rd8+ Kh7 30. Qc5 Qb1+ 31. Bf1 Qe1 1-0

[Event "Bucharest-B"]
[Site "Bucharest"]
[Date "1992.??.??"]
[Round "?"]
[White "Itkis, Boris"]
[Black "Miulescu, Gabriel"]
[Result "1/2-1/2"]
[WhiteElo "2450"]
[BlackElo "2365"]
[PlyCount "79"]
[EventDate "1992.??.??"]
[EventType "tourn"]
[EventRounds "13"]
[EventCountry "ROU"]
[EventCategory "5"]
[SourceTitle "EXT 1997"]
[Source "ChessBase"]
[SourceDate "1996.11.15"]
[SourceVersion "1"]
[SourceVersionDate "1996.11.15"]
[SourceQuality "1"]

1. d4 Nf6 2. Nf3 g6 3. c4 Bg7 4. g3 0-0 5. Bg2 d5 6. cxd5 Nxd5 7. 0-0 Nb6 8. Nc3 Nc6 9. d5 Ne5 10. e4 c6 11. Bg5 cxd5 12. exd5 h6 13. Bf4 Bg4 14. h3 Bxf3 15. Qxf3 Nec4 16. b3 Nd6 17. Rac1 Rc8 18. Ne4 Rxc1 19. Rxc1 Nbc8 20. h4 Qa5 21. a4 Qb4 22. Nxd6 Nxd6 23. Bh3 Qb6 24. Qe3 Qxe3 25. Bxe3 Ra8 26. Rc7 Kf8 27. Bd7 h5 28. a5 a6 29. b4 Rb8 30. Kf1 Be5 31. Bb6 Ne8 32. Rc8 Rxc8 33. Bxc8 Nd6 34. Bd7 Bc3 35. Bc5 Ne4 36. Bc8 Nxc5 37. bxc5 Bb4 38. c6 bxc6 39. dxc6 Bxa5 40. Bxa6 1/2-1/2

[Event "ROM-chT"]
[Site "Romania"]
[Date "1992.??.??"]
[Round "?"]
[White "Miulescu, Gabriel"]
[Black "Grigore, George Gabriel"]
[Result "1/2-1/2"]
[WhiteElo "2280"]
[BlackElo "2430"]
[PlyCount "117"]
[EventDate "1992.??.??"]
[EventType "team"]
[EventRounds "9"]
[EventCountry "ROU"]
[SourceTitle "EXT 1997"]
[Source "ChessBase"]
[SourceDate "1996.11.15"]
[SourceVersion "1"]
[SourceVersionDate "1996.11.15"]
[SourceQuality "1"]

1. e4 c6 2. d4 d5 3. Nc3 dxe4 4. Nxe4 Bf5 5. Ng3 Bg6 6. h4 h6 7. Nf3 Nd7 8. h5 Bh7 9. Bd3 Bxd3 10. Qxd3 Qc7 11. Bd2 e6 12. 0-0-0 Ngf6 13. Ne4 0-0-0 14. g3 Nxe4 15. Qxe4 Bd6 16. Kb1 Nf6 17. Qe2 c5 18. dxc5 Qxc5 19. Rh4 Kb8 20. Bb4 Qb6 21. Rxd6 Rxd6 22. Qe5 Rhd8 23. Rd4 Ne8 24. c3 f6 25. Bxd6+ Rxd6 26. Rxd6 Qxd6 27. Qxd6+ Nxd6 28. Nd4 e5 29. Ne6 Ne8 30. Kc2 Kc8 31. Kd2 Kd7 32. Nc5+ Kc6 33. Nd3 Kd6 34. f4 e4 35. Nf2 f5 36. g4 Nf6 37. gxf5 Kd5 38. Ke3 b6 39. a4 Nxh5 40. Nxe4 Nf6 41. Nd2 Ne8 42. b4 Nd6 43. Kd3 Nxf5 44. c4+ Ke6 45. Ne4 Nd6 46. Ng3 g6 47. a5 bxa5 48. bxa5 Nb7 49. a6 Nc5+ 50. Ke3 Nxa6 51. f5+ gxf5 52. Kf4 Nb4 53. Nxf5 Nd3+ 54. Ke4 Nc5+ 55. Kf4 Nd3+ 56. Ke4 Nf2+ 57. Kf4 Nh3+ 58. Ke4 Nf2+ 59. Kf4 1/2-1/2

[Event "ROM-chT"]
[Site "Romania"]
[Date "1992.??.??"]
[Round "?"]
[White "Miulescu, Gabriel"]
[Black "Nevednichy, Vladislav"]
[Result "1/2-1/2"]
[WhiteElo "2280"]
[BlackElo "2470"]
[PlyCount "57"]
[EventDate "1992.??.??"]
[EventType "team"]
[EventRounds "9"]
[EventCountry "ROU"]
[SourceTitle "EXT 1997"]
[Source "ChessBase"]
[SourceDate "1996.11.15"]
[SourceVersion "1"]
[SourceVersionDate "1996.11.15"]
[SourceQuality "1"]

1. e4 g6 2. d4 Bg7 3. Nc3 c6 4. Nf3 d5 5. Be2 Nf6 6. e5 Nfd7 7. 0-0 f6 8. Bf4 Nf8 9. Qd2 Ne6 10. Bh6 0-0 11. Bxg7 Kxg7 12. exf6+ exf6 13. Bd3 Qd6 14. Ne2 b6 15. Rfe1 Ba6 16. Ng3 Bxd3 17. Qxd3 Kf7 18. Qe3 Nd7 19. Nh4 Rfe8 20. Qh6 Ndf8 21. Ngf5 gxf5 22. Nxf5 Qc7 23. Re3 Kg8 24. Qxf6 Ng7 25. Nh6+ Kh8 26. Rae1 Rxe3 27. Rxe3 Ng6 28. Nf7+ Kg8 29. Nh6+ 1/2-1/2

[Event "Bucharest-B"]
[Site "Bucharest"]
[Date "1992.??.??"]
[Round "?"]
[White "Miulescu, Gabriel"]
[Black "Vasilescu, Lucian Mihail"]
[Result "1/2-1/2"]
[WhiteElo "2365"]
[BlackElo "2430"]
[PlyCount "104"]
[EventDate "1992.??.??"]
[EventType "tourn"]
[EventRounds "13"]
[EventCountry "ROU"]
[EventCategory "5"]
[SourceTitle "EXT 1997"]
[Source "ChessBase"]
[SourceDate "1996.11.15"]
[SourceVersion "1"]
[SourceVersionDate "1996.11.15"]
[SourceQuality "1"]

1. e4 c5 2. Nf3 e6 3. d4 cxd4 4. Nxd4 a6 5. Bd3 Bc5 6. Nb3 Ba7 7. Qe2 Nc6 8. Be3 Nf6 9. Nc3 d6 10. 0-0-0 b5 11. Bxa7 Rxa7 12. Qe3 b4 13. Ne2 Bd7 14. f4 Qb8 15. Ned4 0-0 16. Nxc6 Bxc6 17. Na5 Rc8 18. Rhg1 e5 19. fxe5 Ng4 20. Qe2 Nxe5 21. Bxa6 Bb5 22. Qxb5 Qxb5 23. Bxb5 Rxa5 24. Be2 Rxa2 25. Rgf1 Ra1+ 26. Kd2 Rxd1+ 27. Rxd1 Kf8 28. Ra1 Rc5 29. Ra7 g6 30. Rb7 Nc6 31. Rd7 Nd4 32. Bd3 Rg5 33. Bf1 Rc5 34. Bd3 Rg5 35. Ke3 Nxc2+ 36. Bxc2 Rxg2 37. Bb3 Rxb2 38. Bxf7 Rxh2 39. Bd5 b3 40. Rxd6 b2 41. Rb6 g5 42. e5 g4 43. Rb7 g3 44. e6 Rc2 45. Bf3 g2 46. e7+ Kf7 47. Bh5+ Kf6 48. e8Q g1Q+ 49. Kd3 Rd2+ 50. Kxd2 Qg2+ 51. Be2 Qxb7 52. Qf8+ Ke5 1/2-1/2

[Event "Bucharest-B"]
[Site "Bucharest"]
[Date "1992.??.??"]
[Round "?"]
[White "Moldovan, Daniel"]
[Black "Miulescu, Gabriel"]
[Result "1-0"]
[WhiteElo "2435"]
[BlackElo "2365"]
[PlyCount "99"]
[EventDate "1992.??.??"]
[EventType "tourn"]
[EventRounds "13"]
[EventCountry "ROU"]
[EventCategory "5"]
[SourceTitle "EXT 1997"]
[Source "ChessBase"]
[SourceDate "1996.11.15"]
[SourceVersion "1"]
[SourceVersionDate "1996.11.15"]
[SourceQuality "1"]

1. e4 c5 2. Nf3 e6 3. c3 d5 4. e5 Nc6 5. d4 f6 6. exf6 Nxf6 7. Bd3 Bd6 8. 0-0 0-0 9. Bg5 cxd4 10. cxd4 Qe8 11. Nbd2 Qh5 12. Bxf6 Rxf6 13. h3 e5 14. Nxe5 Qxd1 15. Raxd1 Nxe5 16. dxe5 Bxe5 17. Rfe1 Re6 18. Bf5 Re8 19. Bxh7+ Kxh7 20. Nf3 Bxh3 21. Nxe5 Be6 22. Rd4 Rac8 23. Nf3 Kg6 24. Re5 Rc4 25. b3 Rxd4 26. Nxd4 Kf6 27. f4 Bf7 28. Rxe8 Bxe8 29. Kf2 g5 30. Kf3 gxf4 31. Kxf4 Bg6 32. g4 Bb1 33. a3 Be4 34. b4 b6 35. g5+ Kg6 36. Nc6 a6 37. Ne5+ Kh5 38. Nd7 Bg2 39. Nxb6 d4 40. Nc4 d3 41. Kf5 Bd5 42. Nd2 Bc6 43. g6 Be8 44. g7 Bf7 45. Kf6 Bd5 46. Ke7 Kg5 47. Kd6 Ba2 48. Ke5 Kg6 49. a4 Kf7 50. Kd6 1-0

[Event "Bucharest-B"]
[Site "Bucharest"]
[Date "1992.??.??"]
[Round "?"]
[White "Rogozenco, Dorian"]
[Black "Miulescu, Gabriel"]
[Result "1-0"]
[WhiteElo "2405"]
[BlackElo "2365"]
[PlyCount "42"]
[EventDate "1992.??.??"]
[EventType "tourn"]
[EventRounds "13"]
[EventCountry "ROU"]
[EventCategory "5"]
[SourceTitle "EXT 1997"]
[Source "ChessBase"]
[SourceDate "1996.11.15"]
[SourceVersion "1"]
[SourceVersionDate "1996.11.15"]
[SourceQuality "1"]

1. d4 Nf6 2. c4 g6 3. Nc3 d5 4. Bf4 Bg7 5. Rc1 0-0 6. Nf3 c6 7. e3 Bf5 8. Bd3 Bxd3 9. Qxd3 Qa5 10. 0-0 Nbd7 11. a3 Qa6 12. Nd2 Nh5 13. Bg5 e5 14. b4 dxc4 15. Nxc4 exd4 16. exd4 h6 17. Be3 Nhf6 18. Rfd1 Nd5 19. Na5 b5 20. Nxd5 cxd5 21. Rc6 Nb6 1-0

[Event "Bucharest-B"]
[Site "Bucharest"]
[Date "1992.??.??"]
[Round "?"]
[White "Spulber, Cicirone"]
[Black "Miulescu, Gabriel"]
[Result "1-0"]
[WhiteElo "2345"]
[BlackElo "2365"]
[PlyCount "119"]
[EventDate "1992.??.??"]
[EventType "tourn"]
[EventRounds "13"]
[EventCountry "ROU"]
[EventCategory "5"]
[SourceTitle "EXT 1997"]
[Source "ChessBase"]
[SourceDate "1996.11.15"]
[SourceVersion "1"]
[SourceVersionDate "1996.11.15"]
[SourceQuality "1"]

1. c4 Nf6 2. Nc3 c5 3. g3 e6 4. Nf3 b6 5. Bg2 Bb7 6. 0-0 d6 7. d4 cxd4 8. Qxd4 a6 9. Rd1 Be7 10. Bg5 Nbd7 11. Qd2 0-0 12. Bf4 Ne8 13. Rac1 Rc8 14. b3 Qc7 15. Ng5 Bxg2 16. Kxg2 Ndf6 17. f3 Qb8 18. Qd3 h6 19. Nge4 Rd8 20. Nxf6+ Nxf6 21. e4 Qb7 22. Qe2 Rd7 23. Be3 Rc8 24. Bd4 Rdd8 25. Be3 Rb8 26. a4 Rbc8 27. Qf2 Nd7 28. Bf4 Rc6 29. Qe2 Bg5 30. Qd2 Bf6 31. h4 Nc5 32. Rb1 Bxc3 33. Qxc3 Qe7 34. Rb2 e5 35. Be3 Ne6 36. Qb4 Qc7 37. Rbd2 Kf8 38. Rd5 f6 39. Kf2 Kf7 40. R5d2 Ke7 41. Rd5 Kf7 42. g4 Ke7 43. Rh1 Rh8 44. Rdd1 Kf7 45. Ke2 Ke7 46. g5 hxg5 47. hxg5 Qd8 48. Qd2 Rf8 49. g6 Qe8 50. Rdg1 Rh8 51. Rh7 Rxh7 52. gxh7 Qh5 53. Qd5 Qh2+ 54. Kd1 Rc7 55. Rxg7+ Nxg7 56. Qg8 Qh1+ 57. Ke2 Qh2+ 58. Bf2 Rc8 59. Qxg7+ Ke6 60. Qg4+ 1-0